| 000 | 00845nam a2200205Ia 4500 | ||
|---|---|---|---|
| 001 | 12869 | ||
| 003 | GE_BSU | ||
| 008 | 181216s||||||||xx |||||||||||||| ||und|| | ||
| 040 | _cGE_BSU | ||
| 080 | _a631.2 | ||
| 100 | _aШматов,В.П. | ||
| 245 | _aБлагоустроиство приусадебных участков | ||
| 245 | _bКнига расказывает о планировке и проектировании участка,организации его осушения, оборудовании полива, устроистве различных надворных построек | ||
| 260 | _aМосква | ||
| 260 | _bРоссельхозиздат | ||
| 260 | _c1984 | ||
| 300 | _a158стр.илл.17см. | ||
| 653 | _aБлагоустроиство приусадебных участков | ||
| 942 | _cBK | ||
| 999 |
_c46039 _d46039 |
||